Postavenie veľkoobchodov v systéme distribúcie potravinárskych výrobkov na Slovensku
Veľkoobchody - významná súčasť distribučných kanálov. Osobitný význam veľkoobchodov orientovaných na distribúciu potravín. Analýza vybraného súboru veľkoobchodov orientovaných na predaj potravinárskych výrobkov na Slovensku. Diferenciácia z hľadiska veľkosti, výkonnosti, sortimentu, pracovnej vybave...
Enregistré dans:
| Auteur principal: | |
|---|---|
| Format: | Chapitre de livre |
| Langue: | slovaque |
| Sujets: | |
| Tags: |
Pas de tags, Soyez le premier à ajouter un tag!
|
MARC
| LEADER | 00000naa a2200000 4500 | ||
|---|---|---|---|
| 001 | r043482 | ||
| 005 | 20230929064846.0 | ||
| 041 | 0 | |a slo | |
| 044 | |a SK | ||
| 245 | 1 | 0 | |a Postavenie veľkoobchodov v systéme distribúcie potravinárskych výrobkov na Slovensku |c Michal Vicen |
| 520 | |a Veľkoobchody - významná súčasť distribučných kanálov. Osobitný význam veľkoobchodov orientovaných na distribúciu potravín. Analýza vybraného súboru veľkoobchodov orientovaných na predaj potravinárskych výrobkov na Slovensku. Diferenciácia z hľadiska veľkosti, výkonnosti, sortimentu, pracovnej vybavenosti. | ||
| 610 | 2 | 0 | |a veľkoobchod |
| 610 | 2 | 0 | |a distribúcia |
| 610 | 2 | 0 | |a potraviny |
| 610 | 2 | 0 | |a Slovensko |
| 610 | 2 | 0 | |a kanály distribučné |
| 100 | 1 | |a Vicen, Michal | |